00563nam a2200145Ia 4500008004100000020001800041041000800059082001800067100001900085245022200104250000600326260003900332300001000371650003600381210716s2016 xx 000 0 und d a9781785289491 aeng a621.3821 HOWJ aHowse, Joseph. aIOS application development with OpenCV 3: create four mobile apps and explore the world through photography and computer vision.bCreate four mobile apps and explore the world through photography and computer vision. a1 aMumbaibPackt Publishing Ltdc2016 ax,206 aCommunication Network(621.3821)